| 000 | 00594nam a22001697a 4500 | ||
|---|---|---|---|
| 999 |
_c170691 _d170691 |
||
| 005 | 20191223121757.0 | ||
| 010 | _aA-644967 | ||
| 020 | _c30.00 | ||
| 035 | _aA-644967 | ||
| 037 | _bBPPD/Pub. | ||
| 082 | _a840 | ||
| 245 | _aبلغ العلا بکمالہ کشفدوجا بکمالہ حسنت جسمیعو خصالہ صلوعلیوسلم | ||
| 246 | _aBalaghul ala Bekam alahi Kashafaduja Bekam Alahi Hasanat Jasmiu Khasala Sallahu-Wa-Aleihi-Wasallam | ||
| 260 |
_aKarachi _bNational bank of India _c1991 |
||
| 300 |
_a160p. _c22cm(Hb) |
||
| 942 |
_2ddc _cUR _h840 _mا ف د |
||